Visualizzazione normale
Vista MARC
- Filosofia contemporanea
di Genre/Form Term
Records bibliografici associati: 1
001 - CONTROL NUMBER
- control field: 61934
003 - CONTROL NUMBER IDENTIFIER
- control field:
005 - DATE AND TIME OF LATEST TRANSACTION
- control field: 20250321120232.0
008 - FIXED-LENGTH DATA ELEMENTS
- fixed length control field: 250321|| aca||aabn | a|a d
040 ## - CATALOGING SOURCE
- Original cataloging agency:
- Transcribing agency:
155 ## - HEADING--GENRE/FORM TERM
- Genre/form term: Filosofia contemporanea
- General subdivision: Saggi, varia
670 ## - SOURCE DATA FOUND
- Source citation: Work cat.: ()360458: Sloterdijk, Peter, 1947- 61933, Critica della ragion cinica /, 2013.